00823 a2200193 450000100040000000500170000400800410002100300150006204000400007708000220011724500570013902000220019626400410021830000180025950501930027710000190047070000210048985601190051010820260407155410.0260407a2003 arg spa dAR-UNSa-BCEJYS aAR-UNSa-BCEJYSbspacAR-UNSa-BCEJYS a657xContabilidad10aNociones básicas contabilidadpcon Microsoft Excel a978-987-1046-12-6 1aBuenos Aires :bOmicron Systemc2003 a149 p.c21 cm a1. Conceptos generales de contabilidad - 2. Sistema de información contable - 3. Estados contables - 4. Análisis e interpretación de estados contables - 5. Del balance al presupuesto1 aCepeda, Nelson1 aBresciani, Anita41uhttps://biblioeco.unsa.edu.ar/pmb/images/libros/Contabilidad con Excel2-l117376.jpgyImagen de portadaqimage/jpeg